Online
Catalog

La construcción de una alianza estratégica : (Record no. 3854)

MARC details
000 -CABECERA
campo de control de longitud fija 02047nam a2200337 a 4500
001 - NÚMERO DE CONTROL
campo de control 000004035
003 - IDENTIFICADOR DEL NÚMERO DE CONTROL
campo de control DO-SdBNP
005 - FECHA Y HORA DE LA ÚLTIMA TRANSACCIÓN
campo de control 20260306141520.0
008 - DATOS DE LONGITUD FIJA--INFORMACIÓN GENERAL
campo de control de longitud fija 090716s2002 dr ad 001 0 spa d
020 ## - NÚMERO INTERNACIONAL ESTÁNDAR DEL LIBRO
Número Internacional Estándar del Libro 9993487910
040 ## - FUENTE DE LA CATALOGACIÓN
Centro catalogador/agencia de origen DO-SdBNP
Lengua de catalogación spa
Centro/agencia transcriptor BNPHU
082 #4 - NÚMERO DE LA CLASIFICACIÓN DECIMAL DEWEY
Número de clasificación 337.72930759
Número de documento/Ítem C758a
Número de edición 22
245 03 - MENCIÓN DE TÍTULO
Título La construcción de una alianza estratégica :
Resto del título República Dominicana - Estado de Florida /
Mención de responsabilidad, etc. editor Frederic Emam-Zadé ; palabras introductorias Leonel Fernández Reyna ; prefacio Eduardo A. Gamarra.
260 ## - PUBLICACIÓN, DISTRIBUCIÓN, ETC.
Lugar de publicación, distribución, etc. Santo Domingo :
Nombre del editor, distribuidor, etc. FUNGLODE :
-- Latin American and Caribbean Centre,
Fecha de publicación, distribución, etc. 2002.
300 ## - DESCRIPCIÓN FÍSICA
Extensión 108 p. :
Otras características físicas il., gráfcs. ;
Dimensiones 24cm.
504 ## - NOTA DE BIBLIOGRAFÍA, ETC.
Nota de bibliografía, etc. Bibliografía : p. 107-108
505 0# - NOTA DE CONTENIDO CON FORMATO
Información miscelánea Palabras introductorias --
Título República Dominicana y Florida: socios naturales --
-- Las fortalezas de Florida, como centro de servicios hemisférico --
-- Situación económica de la República Dominicana --
-- Comercio entre la República Dominicana y Florida --
-- Desafíos de la asociación estratégica y acciones recomendadas --
-- Entidades dominicanas que colaboran en el fortalecimiento de los vínculos, relaciones económicas, educativas, culturales entre la República Dominicana y el Estado de Florida.
-- Entidades floridianas que colaboran en el fortalecimiento de los vínculos, relaciones económicas, educativas, culturales entre la República Dominicana y el Estado de Florida.
590 ## - NOTA LOCAL (RLIN)
Nota local Inventariado, 2018/LP
650 #4 - PUNTO DE ACCESO ADICIONAL DE MATERIA--TÉRMINO DE MATERIA
Término de materia o nombre geográfico como elemento de entrada Zonas francas
Subdivisión geográfica República Dominicana
9 (RLIN) 8349
650 #4 - PUNTO DE ACCESO ADICIONAL DE MATERIA--TÉRMINO DE MATERIA
Término de materia o nombre geográfico como elemento de entrada Inversiones
Subdivisión geográfica Estados Unidos
9 (RLIN) 12058
650 #0 - PUNTO DE ACCESO ADICIONAL DE MATERIA--TÉRMINO DE MATERIA
Término de materia o nombre geográfico como elemento de entrada Inversiones
Subdivisión geográfica República Dominicana
9 (RLIN) 12059
650 #0 - PUNTO DE ACCESO ADICIONAL DE MATERIA--TÉRMINO DE MATERIA
Término de materia o nombre geográfico como elemento de entrada Relaciones comerciales
9 (RLIN) 12060
651 #4 - PUNTO DE ACCESO ADICIONAL DE MATERIA--NOMBRE GEOGRÁFICO
Nombre geográfico República Dominicana
Subdivisión general Comercio
Subdivisión geográfica Florida
9 (RLIN) 12056
651 #4 - PUNTO DE ACCESO ADICIONAL DE MATERIA--NOMBRE GEOGRÁFICO
Nombre geográfico Florida
Subdivisión general Comercio
Subdivisión geográfica República Dominicana
9 (RLIN) 12057
651 #4 - PUNTO DE ACCESO ADICIONAL DE MATERIA--NOMBRE GEOGRÁFICO
Nombre geográfico República Dominicana
Subdivisión general Condiciones Económicas
9 (RLIN) 281
700 1# - PUNTO DE ACCESO ADICIONAL--NOMBRE DE PERSONA
Nombre de persona Emam-Zadé, Frederic,
Término indicativo de función/relación ed.
9 (RLIN) 12061
700 1# - PUNTO DE ACCESO ADICIONAL--NOMBRE DE PERSONA
Nombre de persona Fernández, Leonel,
Fechas asociadas al nombre 1953-
9 (RLIN) 7291
700 1# - PUNTO DE ACCESO ADICIONAL--NOMBRE DE PERSONA
Nombre de persona Gamarra, Eduardo A.
9 (RLIN) 12062
910 ## - DATOS DE OPCIÓN DEL USUARIO (OCLC)
Datos de opción del usuario Validado. Control de calidad EMS
942 ## - ELEMENTOS DE PUNTO DE ACCESO ADICIONAL (KOHA)
Fuente del sistema de clasificación o colocación Dewey Decimal Classification
Tipo de ítem Koha Libro
Holdings
Estado de retiro Estado de pérdida Restricciones de uso No para préstamo Código de colección Localización permanente Ubicación/localización actual Ubicación en estantería Fecha de adquisición Número de inventario Total de préstamos Signatura topográfica completa Código de barras Fecha visto por última vez Número de copia Precio válido a partir de Tipo de ítem Koha
        Dominicana de Servicio General General Depósito 09.09.2009 LF1   337.72930759 C758a 4035-30 25.06.2020 e. 3 25.06.2020 Libro y Folleto Colección Dominicana de Servicio
      Excluido de préstamo Patrimonio Dominicano Patrimonio Dominicano Patrimonio Dominicano Depósito 09.09.2009 LF1   337.72930759 C758a 4035-10 25.06.2020   25.06.2020 Libro y Folleto Colección Patrimonio Dominicano
      Excluido de préstamo Patrimonio Dominicano Patrimonio Dominicano Patrimonio Dominicano Depósito 09.09.2009 LF1   337.72930759 C758a 4035-20 25.06.2020 e. 2 25.06.2020 Libro y Folleto Colección Patrimonio Dominicano
        Dominicana de Servicio Patrimonio Dominicano Patrimonio Dominicano Depósito 24.03.2014 LF1   337.72930759 C758a 4035-40 25.06.2020 e. 4 25.06.2020 Libro y Folleto Colección Dominicana de Servicio
        Dominicana de Servicio Patrimonio Dominicano Patrimonio Dominicano Depósito 24.03.2014 LF1   337.72930759 C758a 4035-50 25.06.2020 e. 5 25.06.2020 Libro y Folleto Colección Dominicana de Servicio

Powered by Koha